| 000 | 00766nam a2200217 a 4500 | ||
|---|---|---|---|
| 005 | 20230331063806.0 | ||
| 008 | 030409s2000 mx r 000 0 spa d | ||
| 020 | _a9507244166 | ||
| 035 | _aUPN01000123681 | ||
| 049 | _aCG | ||
| 050 | 4 |
_aH62 _bA5.6 2000 |
|
| 100 | 1 |
_aAnder-Egg, Ezequiel, _d1930- _928724 |
|
| 245 | 1 | 0 |
_aCómo elaborar un proyecto : _bguía para diseñar proyectos sociales y culturales / _cEzequiel Ander-Egg, María José Aguilar Idáñez. |
| 250 | _a15a ed. ampl. y rev. | ||
| 260 |
_aBuenos Aires : _bLumen/Humanitas, _cc2000. |
||
| 300 |
_a127 p. : _bcuadros |
||
| 440 | 0 | _aPolítica, servicios y trabajo social | |
| 650 | 7 |
_aElaboración de proyectos _2 _914002 |
|
| 700 | 1 |
_aAguilar Idáñez, María José, _ecoaut. _928676 |
|
| 905 | _aLibro | ||
| 999 |
_c95860 _d95860 |
||